[Event "Solrød Skole"]
[Site "Køge Bugt Vinter 2011"]
[Date "2011.02.09"]
[Round "3.4"]
[White "Kristensen, Benny"]
[Black "Trærup, Jørgen"]
[Result "1-0"]
[WhiteElo "1633"]
[BlackElo "1725"]
[PlyCount "84"]
[EventDate "2011.??.??"]
[WhiteTeam "Skovbo Skakklub"]
[BlackTeam "BMS Skak"]

1. e4 c5 2. d4 cxd4 3. c3 e5 4. cxd4 Bb4+ 5. Bd2 Bxd2+ 6. Qxd2 Nc6 7. d5 Nd4 8.
Ne2 Nxe2 9. Bxe2 h6 10. Nc3 Nf6 11. O-O O-O 12. Qe3 d6 13. Rac1 a6 14. Na4 Bd7
15. Nb6 Rb8 16. a4 Qe8 17. b3 Qd8 18. Rc2 Re8 19. Rfc1 Re7 20. f3 Kh7 21. g4 g5
22. Kg2 Kg6 23. Rh1 h5 24. h4 gxh4 25. Rxh4 Qh8 26. Rc1 Qh6 27. Qxh6+ Kxh6 28.
gxh5 Rg8+ 29. Kf2 Rg5 30. Rc7 Rxh5 31. Rxh5+ Kxh5 32. Rxb7 Kg6 33. Bxa6 Kg7 34.
Bb5 Kf8 35. Nxd7+ Nxd7 36. Rxd7 Re8 37. Rxd6 Rb8 38. Ke3 Rb7 39. f4 exf4+ 40.
Kxf4 Ke7 41. Rd7+ Rxd7 42. Bxd7 Kxd7 1-0

[Event "Solrød Skole"]
[Site "Køge Bugt Vinter 2011"]
[Date "2011.02.09"]
[Round "3.5"]
[White "Krag-Jacobsen, Alan"]
[Black "Krogh, Peter Ove"]
[Result "0-1"]
[WhiteElo "1469"]
[BlackElo "1917"]
[PlyCount "48"]
[EventDate "2011.??.??"]
[WhiteTeam "Solrød Skakklub"]
[BlackTeam "Køge Skakklub"]

1. d4 Nf6 2. c4 e6 3. Nc3 Bb4 4. Qc2 c5 5. Nf3 O-O 6. Bg5 cxd4 7. Nxd4 h6 8.
Bh4 Nc6 9. Nf3 g5 10. Bg3 g4 11. Nd2 d5 12. e3 e5 13. cxd5 Nxd5 14. Nxd5 Qxd5
15. Rd1 Qxa2 16. Bd3 Be6 17. O-O Bxd2 18. Qxd2 Rad8 19. Qc3 Qb3 20. Qxb3 Bxb3
21. Be2 Bxd1 22. Bxd1 f5 23. f3 h5 24. Be1 Rxd1 0-1

[Event "Solrød Skole"]
[Site "Køge Bugt Vinter 2011"]
[Date "2011.02.09"]
[Round "3.6"]
[White "Nielsen, Steen"]
[Black "Ambirk, Jan Robert"]
[Result "0-1"]
[WhiteElo "1456"]
[BlackElo "1782"]
[PlyCount "60"]
[EventDate "2011.??.??"]
[WhiteTeam "Solrød Skakklub"]
[BlackTeam "Vordingborg Skakklub"]

1. d4 f5 2. g3 Nf6 3. Bg2 e6 4. c4 d5 5. Nf3 c6 6. b3 Bd6 7. O-O Qe7 8. Nbd2
O-O 9. Ne5 Nbd7 10. Ndf3 c5 11. e3 b6 12. Qc2 Bb7 13. Nd3 Rac8 14. Nfe5 Ba6 15.
Bb2 cxd4 16. exd4 Bxe5 17. Nxe5 Nxe5 18. dxe5 Ne4 19. Rac1 dxc4 20. Qe2 Nc5 21.
b4 Nd3 22. Rcd1 Nxb2 23. Qxb2 c3 24. Qb3 Bc4 25. Qa4 b5 26. Qa6 Bxf1 27. Bxf1
c2 28. Rc1 Qxb4 29. Qxe6+ Kh8 30. Bd3 Qd2 0-1

[Event "Solrød Skole"]
[Site "Køge Bugt Vinter 2011"]
[Date "2011.02.09"]
[Round "3.7"]
[White "Hansen, Erik Levin"]
[Black "Dyremose, Morten Sigvart"]
[Result "1-0"]
[WhiteElo "1812"]
[BlackElo "1146"]
[PlyCount "57"]
[EventDate "2011.??.??"]
[WhiteTeam "Haslev Skakklub"]
[BlackTeam "Brøndbyernes Skakklub"]

1. e4 c5 2. Nf3 d6 3. d4 cxd4 4. Nxd4 Nf6 5. Nc3 e5 6. Ndb5 a6 7. Na3 Be6 8.
Bg5 Be7 9. Bxf6 Bxf6 10. Nd5 O-O 11. Nxf6+ Qxf6 12. Nc4 Bxc4 13. Bxc4 Nd7 14.
O-O Nb6 15. Bd3 Qe6 16. Qe2 d5 17. exd5 Qxd5 18. Be4 Qd7 19. Rfd1 Qc7 20. Qf3
Rab8 21. a4 Nd7 22. Ra3 Nf6 23. Rc3 Qe7 24. Rb3 Nxe4 25. Qxe4 Rfd8 26. Re1 f6
27. h3 Rd4 28. Qxd4 exd4 29. Rxe7 1-0

[Event "Solrød Skole"]
[Site "Køge Bugt Vinter 2011"]
[Date "2011.02.09"]
[Round "3.10"]
[White "Larsen, Paul M"]
[Black "Forsmann, Henning"]
[Result "1/2-1/2"]
[WhiteElo "1502"]
[BlackElo "1758"]
[PlyCount "98"]
[EventDate "2011.??.??"]
[WhiteTeam "Haslev Skakklub"]
[BlackTeam "Solrød Skakklub"]

1. Nf3 Nf6 2. c4 e6 3. Nc3 d5 4. cxd5 exd5 5. d4 c6 6. e3 Nbd7 7. Be2 Bd6 8.
O-O O-O 9. Qc2 Re8 10. a3 Ne4 11. Bd3 Ndf6 12. h3 Qc7 13. Ne1 a5 14. f4 h5 15.
Nf3 Ng3 16. Re1 Nfe4 17. Ne5 Bf5 18. Nxe4 Nxe4 19. Qe2 Ng3 20. Qf2 h4 21. Bd2
Re6 22. Red1 Rh6 23. Bxf5 Nxf5 24. Qf3 Qe7 25. Rac1 f6 26. Ng4 Rg6 27. Be1 a4
28. Bf2 Kf7 29. Rd3 Rh8 30. Qd1 Qe4 31. Be1 Ra8 32. Rdc3 Qe6 33. Qf3 Bc7 34.
R3c2 Ba5 35. Bf2 Nh6 36. Nxh6+ Rxh6 37. f5 Qd6 38. Re2 Bc7 39. Kf1 Rg8 40. e4
dxe4 41. Rxe4 Qd5 42. Rce1 Bd8 43. Rf4 Qb5+ 44. Qe2 Qxe2+ 45. Rxe2 Rgh8 46.
Ree4 Bc7 47. Rxh4 Rh5 48. Rxh5 Rxh5 49. Ke2 Rxf5 1/2-1/2

[Event "Solrød Skole"]
[Site "Køge Bugt Vinter 2011"]
[Date "2011.02.09"]
[Round "3.11"]
[White "Orup, Kim Amdi"]
[Black "Grum-Schwensen, Jens"]
[Result "1/2-1/2"]
[WhiteElo "1547"]
[BlackElo "1248"]
[PlyCount "99"]
[EventDate "2011.??.??"]
[WhiteTeam "Solrød Skakklub"]
[BlackTeam "Brøndbyernes Skakklub"]

1. e4 e5 2. Bc4 Nf6 3. Nc3 c6 4. d3 d5 5. Bb3 Be7 6. Nf3 Bg4 7. h3 Bxf3 8. Qxf3
O-O 9. exd5 cxd5 10. Bxd5 Nxd5 11. Qxd5 Nc6 12. Qxd8 Rfxd8 13. Bd2 Nd4 14. Rc1
Rac8 15. a3 Kf8 16. Be3 Bxa3 17. Bxd4 exd4 18. Nd1 Re8+ 19. Kd2 Be7 20. g3 a5
21. c3 Bf6 22. Re1 Rxe1 23. Kxe1 b5 24. Kd2 h5 25. f4 g6 26. Nf2 dxc3+ 27. bxc3
a4 28. Ne4 Be7 29. Rb1 f5 30. Nf2 Rb8 31. Kc2 Ke8 32. d4 Bd6 33. Nd3 Kd7 34.
Ne5+ Bxe5 35. dxe5 Ke6 36. Rd1 Rb6 37. Kb2 Ke7 38. Ka3 Rc6 39. Rd3 Rc4 40. Kb2
b4 41. cxb4 Rxb4+ 42. Ka3 Re4 43. Kb2 h4 44. gxh4 Rxf4 45. Rg3 Rxh4 46. Rxg6
Rxh3 47. Ra6 Rh4 48. Rf6 f4 49. Ka3 f3 50. Rxf3 1/2-1/2

[Event "Solrød Skole"]
[Site "Køge Bugt Vinter 2011"]
[Date "2011.02.16"]
[Round "4.1"]
[White "Borup, Johnny"]
[Black "Nielsen, Jan Mose"]
[Result "1/2-1/2"]
[WhiteElo "1627"]
[BlackElo "2118"]
[PlyCount "56"]
[EventDate "2011.??.??"]
[WhiteTeam "Brøndbyernes Skakklub"]
[BlackTeam "Tåstrup Skakforening"]

1. e4 e5 2. Nf3 Nc6 3. Bc4 Bc5 4. c3 Nf6 5. d4 exd4 6. cxd4 Bb4+ 7. Nc3 d5 8.
exd5 Nxd5 9. O-O Bxc3 10. bxc3 O-O 11. Ba3 Re8 12. Qd2 Bg4 13. Ne5 Nxe5 14.
dxe5 Nb6 15. Bxf7+ Kxf7 16. Qf4+ Kg8 17. Qxg4 Rxe5 18. Rad1 Qe8 19. Bc1 Qe6 20.
Qg3 Nd5 21. c4 Nf6 22. Bb2 Rc5 23. Rfe1 Qf7 24. Ba3 Rxc4 25. Re7 Qg6 26. Qe5
Re4 27. Qxc7 Rxe7 28. Qxe7 Qf7 1/2-1/2

[Event "Solrød Skole"]
[Site "Køge Bugt Vinter 2011"]
[Date "2011.02.16"]
[Round "4.2"]
[White "Christensen, Verner"]
[Black "Hansen, Erik Levin"]
[Result "1/2-1/2"]
[WhiteElo "1978"]
[BlackElo "1812"]
[PlyCount "59"]
[EventDate "2011.??.??"]
[WhiteTeam "Solrød Skakklub"]
[BlackTeam "Haslev Skakklub"]

1. e4 c5 2. d4 cxd4 3. c3 dxc3 4. Nxc3 e6 5. Bc4 Nc6 6. Nf3 Be7 7. O-O a6 8.
Qe2 b5 9. Bb3 Bb7 10. Bf4 Nf6 11. e5 Nh5 12. Bd2 f5 13. Rac1 O-O 14. Rfd1 Qe8
15. Qf1 Na5 16. Nd5 Nxb3 17. Nxe7+ Qxe7 18. axb3 Bxf3 19. gxf3 Qh4 20. Be3 f4
21. Bc5 Qg5+ 22. Qg2 Qxg2+ 23. Kxg2 Rf7 24. Bd6 g5 25. Rc7 Ng7 26. Bc5 Ne8 27.
Rcxd7 Rxd7 28. Rxd7 Ng7 29. b4 h6 30. Kf1 1/2-1/2

[Event "Solrød Skole"]
[Site "Køge Bugt Vinter 2011"]
[Date "2011.02.16"]
[Round "4.3"]
[White "Krogh, Peter Ove"]
[Black "Kirkebække, Mark"]
[Result "1-0"]
[WhiteElo "1917"]
[BlackElo "1489"]
[PlyCount "97"]
[EventDate "2011.??.??"]
[WhiteTeam "Køge Skakklub"]
[BlackTeam "Tåstrup Skakforening"]

1. c4 e6 2. Nc3 f5 3. g3 Nf6 4. Bg2 c6 5. d4 d5 6. b3 g6 7. e3 Bg7 8. Nge2 O-O
9. h4 Re8 10. O-O Nbd7 11. Bb2 Ng4 12. Qd2 b6 13. f3 Nh6 14. Rac1 Bb7 15. Nd1
Nf7 16. Nf2 dxc4 17. bxc4 c5 18. Rfe1 e5 19. d5 Nd6 20. e4 Rc8 21. Bh3 Rf8 22.
Kg2 a6 23. exf5 gxf5 24. f4 Qe7 25. fxe5 Nxe5 26. Nf4 Rce8 27. Bxe5 Bxe5 28.
Kh2 Bxf4 29. Qxf4 Qd7 30. Bg2 Bc8 31. Nd3 Nf7 32. Bf3 Qa4 33. Bh5 Rxe1 34.
Bxf7+ Rxf7 35. Rxe1 Qc2+ 36. Nf2 Bd7 37. Kh3 Qxa2 38. Nd3 Ba4 39. Qg5+ Kh8 40.
Ne5 Rf8 41. Qe7 Kg8 42. Qe6+ Kh8 43. Nf7+ Kg7 44. Nd6 Qf2 45. Qe7+ Kg8 46. h5
Qf3 47. Qg5+ Kh8 48. h6 Qc3 49. Nf7+ 1-0

[Event "Solrød Skole"]
[Site "Køge Bugt Vinter 2011"]
[Date "2011.02.16"]
[Round "4.4"]
[White "Ambirk, Jan Robert"]
[Black "Hald, Morten Hansen"]
[Result "0-1"]
[WhiteElo "1782"]
[BlackElo "1450"]
[PlyCount "146"]
[EventDate "2011.??.??"]
[WhiteTeam "Vordingborg Skakklub"]
[BlackTeam "Køge Skakklub"]

1. e4 e5 2. Nf3 Nc6 3. c3 Nf6 4. d4 Nxe4 5. d5 Ne7 6. Nxe5 Ng6 7. Qd4 Qf6 8. f4
Qh4+ 9. Kd1 Nf2+ 10. Kc2 Nxh1 11. Nd3 Qxh2 12. f5 Qh4 13. Qe3+ Qe7 14. Qh3 d6
15. Bd2 Ne5 16. Na3 Bd7 17. Re1 O-O-O 18. Qe3 Nxd3 19. Qxa7 Nxe1+ 20. Bxe1 Qe4+
21. Kb3 Ba4+ 22. Qxa4 Qxe1 23. Qa8+ Kd7 24. Bb5+ Ke7 25. Qxb7 Kf6 26. Qxc7 Be7
27. Qc4 Rb8 28. Qd4+ Kxf5 29. g4+ Kg6 30. Qd3+ Kh6 31. Qf5 Qd1+ 32. Kb4 Bg5 33.
Qxf7 Qxg4+ 34. c4 Bd2+ 35. Kb3 Qg6 36. Qf1 Ng3 37. Qh3+ Nh5 38. Nc2 Qg3+ 39.
Qxg3 Nxg3 40. Nd4 Be3 41. Ne6 g5 42. a4 Ne4 43. Kc2 g4 44. Kd3 Nc5+ 45. Kxe3
Nxe6 46. dxe6 Rb7 47. Bd7 Rxb2 48. Kf4 Kh5 49. e7 Re2 50. Bxg4+ Kg6 51. Bxe2
Kf7 52. Kg5 Kxe7 53. Kh6 Ra8 54. Bd1 Rc8 55. Be2 Rb8 56. Kxh7 Rb2 57. Bf3 Rb4
58. Bd5 Rxa4 59. Kg6 Ra1 60. Kf5 Re1 61. Kf4 Kd8 62. Kf5 Kc7 63. Kf4 Kb6 64.
Kf5 Kc5 65. Kf6 Re5 66. Bg8 Re4 67. Kf5 Rxc4 68. Bxc4 Kxc4 69. Ke4 d5+ 70. Ke3
Kc3 71. Ke2 d4 72. Kd1 Kd3 73. Ke1 Kc2 0-1

[Event "Solrød Skole"]
[Site "Køge Bugt Vinter 2011"]
[Date "2011.02.16"]
[Round "4.5"]
[White "Jørgensen, Leif"]
[Black "Kristensen, Benny"]
[Result "1/2-1/2"]
[WhiteElo "1704"]
[BlackElo "1633"]
[PlyCount "99"]
[EventDate "2011.??.??"]
[WhiteTeam "Solrød Skakklub"]
[BlackTeam "Skovbo Skakklub"]

1. g4 d5 2. Bg2 e6 3. c4 c5 4. Qb3 dxc4 5. Qxc4 Nc6 6. Nf3 Nf6 7. h3 Bd7 8. Nc3
a6 9. e4 b5 10. Qe2 Qc7 11. d3 Rc8 12. Be3 b4 13. Nd1 e5 14. Rc1 Qa5 15. b3 Bd6
16. Qc2 O-O 17. Nd2 Nd4 18. Qb2 Be6 19. Nc4 Bxc4 20. Rxc4 Qb5 21. Qd2 a5 22.
Nb2 Nd7 23. Na4 Nb6 24. Nxb6 Qxb6 25. O-O Nb5 26. Ra1 Rc7 27. Bf1 Ra8 28. Be2
Nc3 29. Kf1 a4 30. Bd1 Nxd1 31. Qxd1 axb3 32. Qxb3 Ra3 33. Qb1 Be7 34. Bc1 Ra6
35. Qb3 h6 36. Bb2 Qf6 37. Qd1 Qf4 38. Kg2 Rg6 39. Bc1 Qf6 40. Qf3 Qe6 41. Qf5
Qxf5 42. exf5 Rd6 43. Bd2 Rxd3 44. Bxb4 Rd4 45. Rac1 Rxc4 46. Rxc4 Rd7 47. Bc3
e4 48. Rxe4 Kf8 49. a4 f6 50. a5 1/2-1/2

[Event "Solrød Skole"]
[Site "Køge Bugt Vinter 2011"]
[Date "2011.02.16"]
[Round "4.6"]
[White "Johannsen, Bjørn"]
[Black "Pondal, Jesper"]
[Result "0-1"]
[WhiteElo "1585"]
[BlackElo "1822"]
[PlyCount "92"]
[EventDate "2011.??.??"]
[WhiteTeam "Haslev Skakklub"]
[BlackTeam "Køge Skakklub"]

1. d4 d5 2. Bf4 Nf6 3. e3 c6 4. c3 Bf5 5. Nf3 Nbd7 6. Nbd2 e6 7. Qb3 Qb6 8. Be2
Nh5 9. Bg3 Nxg3 10. hxg3 h6 11. Nh4 Bh7 12. f4 Nf6 13. g4 Ne4 14. Nxe4 Bxe4 15.
Nf3 f6 16. Kf2 O-O-O 17. Rac1 Qxb3 18. axb3 Bd6 19. Nd2 Bg6 20. Ra1 Kb8 21. g3
Rhf8 22. Bf3 Rde8 23. Ra4 Re7 24. e4 Be8 25. Raa1 Bd7 26. b4 Bc7 27. Rhe1 Rfe8
28. Nb3 b6 29. Ra2 Bd6 30. e5 fxe5 31. dxe5 Bc7 32. Rea1 b5 33. Nc5 Bb6 34. Ke3
Bc8 35. Be2 Bb7 36. Kd3 a5 37. Rf1 axb4 38. cxb4 Kc7 39. b3 Rf8 40. Bd1 Bc8 41.
Raf2 Kb8 42. Ra2 Bc7 43. Ke3 Bxe5 44. Bc2 Ra7 45. Rxa7 Kxa7 46. Re1 Bc3 0-1

[Event "Solrød Skole"]
[Site "Køge Bugt Vinter 2011"]
[Date "2011.02.16"]
[Round "4.7"]
[White "Trærup, Jørgen"]
[Black "Vesterskov, Michael"]
[Result "0-1"]
[WhiteElo "1725"]
[BlackElo "1749"]
[PlyCount "72"]
[EventDate "2011.??.??"]
[WhiteTeam "BMS Skak"]
[BlackTeam "Køge Skakklub"]

1. d4 d5 2. c4 e6 3. c5 Nf6 4. e3 Be7 5. Nf3 Nbd7 6. Nc3 c6 7. b4 O-O 8. Be2
Qc7 9. Bb2 e5 10. b5 exd4 11. exd4 Re8 12. h3 Bf8 13. O-O Ne4 14. Rc1 g6 15.
bxc6 bxc6 16. Re1 Bg7 17. Bf1 Nf8 18. Nxe4 dxe4 19. Ne5 Be6 20. Bc4 Rad8 21.
Rxe4 Bxc4 22. Rxc4 Bxe5 23. Qe2 Bh2+ 24. Kh1 Rxe4 25. Qxe4 Bf4 26. Ra4 Rd5 27.
g3 Bh6 28. Ra6 Ne6 29. f4 Qd7 30. Kg2 Bg7 31. g4 Nxc5 32. dxc5 Bxb2 33. Qb4
Rd2+ 34. Kg3 Qd3+ 35. Kh4 Rh2 36. Qe1 Bf6+ 0-1

[Event "Solrød Skole"]
[Site "Køge Bugt Vinter 2011"]
[Date "2011.02.16"]
[Round "4.8"]
[White "Forsmann, Henning"]
[Black "Dyremose, Flemming"]
[Result "1-0"]
[WhiteElo "1758"]
[BlackElo "1755"]
[PlyCount "65"]
[EventDate "2011.??.??"]
[WhiteTeam "Solrød Skakklub"]
[BlackTeam "Brøndbyernes Skakklub"]

1. g3 c5 2. Bg2 Nc6 3. c4 Nf6 4. Nc3 e6 5. Nf3 Be7 6. O-O O-O 7. d3 d5 8. cxd5
Nxd5 9. a3 a6 10. Qc2 Bd7 11. e4 Nxc3 12. bxc3 Rc8 13. Be3 b5 14. Nd2 Ne5 15.
c4 Ng4 16. Rfd1 Bc6 17. cxb5 Nxe3 18. fxe3 axb5 19. Nf3 Qb6 20. Qe2 Rfd8 21.
Ne5 Be8 22. Rab1 Qa7 23. Kh1 Qxa3 24. Ra1 Qc3 25. Nf3 Rb8 26. Rac1 Qf6 27. Rf1
Qh6 28. Ne5 Bd6 29. Ng4 Qg5 30. h4 Qe7 31. e5 Bc7 32. Be4 h5 33. Nf6+ 1-0

[Event "Solrød Skole"]
[Site "Køge Bugt Vinter 2011"]
[Date "2011.02.16"]
[Round "4.9"]
[White "Refsgaard, Kaj"]
[Black "Nielsen, Steen"]
[Result "1-0"]
[WhiteElo "1749"]
[BlackElo "1456"]
[PlyCount "111"]
[EventDate "2011.??.??"]
[WhiteTeam "Jernbanens Skakklub"]
[BlackTeam "Solrød Skakklub"]

1. d4 d5 2. c4 e6 3. Nf3 Nf6 4. Nc3 Be7 5. Bg5 O-O 6. e3 h6 7. Bh4 b6 8. cxd5
Nxd5 9. Nxd5 exd5 10. Bxe7 Qxe7 11. Qd2 Bf5 12. Be2 Nd7 13. O-O Rac8 14. Ba6
Rcd8 15. Rac1 Nf6 16. Ne5 Ne4 17. Qd1 Qg5 18. f4 Qh4 19. Rxc7 Rd6 20. Qe1 Qxe1
21. Rxe1 b5 22. Rc6 Rdd8 23. Rec1 f6 24. Nf3 Nd6 25. b3 Rfe8 26. Kf2 b4 27. Nd2
Bg4 28. h3 Bf5 29. Rc7 Bh7 30. Rxa7 Nf5 31. Nf1 Nd6 32. Rcc7 Bb1 33. Rxg7+ Kh8
34. Be2 Ne4+ 35. Kg1 Nc3 36. Bh5 Rg8 37. Rxg8+ Rxg8 38. Bf7 Rg7 39. Ra8+ Kh7
40. Be6 Be4 41. g3 Rc7 42. Nd2 Ne2+ 43. Kf2 Nc3 44. Nxe4 Nxe4+ 45. Kf3 Nd2+ 46.
Ke2 Ne4 47. Bf5+ Kg7 48. Bxe4 dxe4 49. Kd2 f5 50. g4 fxg4 51. hxg4 Rc3 52. Re8
Rd3+ 53. Ke2 Rc3 54. Rxe4 Rc2+ 55. Kf3 Rxa2 56. d5 1-0

[Event "Solrød Skole"]
[Site "Køge Bugt Vinter 2011"]
[Date "2011.02.16"]
[Round "4.10"]
[White "Sørensen, Aron Frank"]
[Black "Larsen, Paul M"]
[Result "1-0"]
[WhiteElo "1494"]
[BlackElo "1502"]
[PlyCount "91"]
[EventDate "2011.??.??"]
[WhiteTeam "Solrød Skakklub"]
[BlackTeam "Haslev Skakklub"]

1. d4 Nf6 2. c4 e6 3. g3 Bb4+ 4. Bd2 Bxd2+ 5. Nxd2 c6 6. Bg2 d5 7. Ngf3 O-O 8.
Qc2 Nbd7 9. O-O Qc7 10. e4 dxe4 11. Nxe4 Nxe4 12. Qxe4 Nf6 13. Qe3 b6 14. Ne5
Bb7 15. Qf3 Rac8 16. Rfe1 Ba8 17. c5 Rfd8 18. Rad1 b5 19. b4 Nd5 20. a3 Bb7 21.
Re4 a5 22. Rh4 axb4 23. Qh5 Nf6 24. Qg5 Ne8 25. Ng4 f6 26. Qe3 e5 27. Be4 g6
28. Qb3+ Kg7 29. Nh6 f5 30. Qg8+ Kf6 31. dxe5+ Kxe5 32. Rxd8 Rxd8 33. Nf7+ Kf6
34. Nxd8 Qxd8 35. Qh8+ Ke6 36. Bc2 Kd7 37. Rxh7+ Kc8 38. Bb3 Kb8 39. Qe5+ Ka8
40. Rh8 Qd2 41. Rxe8+ Ka7 42. axb4 Qxb4 43. Kg2 Qxb3 44. Qc7 Qd5+ 45. Kh3 f4
46. Qb6# 1-0

[Event "Solrød Skole"]
[Site "Køge Bugt Vinter 2011"]
[Date "2011.02.16"]
[Round "4.11"]
[White "Dyremose, Morten Sigvart"]
[Black "Krag-Jacobsen, Alan"]
[Result "0-1"]
[WhiteElo "1146"]
[BlackElo "1469"]
[PlyCount "87"]
[EventDate "2011.??.??"]
[WhiteTeam "Brøndbyernes Skakklub"]
[BlackTeam "Solrød Skakklub"]

1. e4 e5 2. Nf3 Nc6 3. Bc4 Nf6 4. Nc3 Nxe4 5. Nxe4 d5 6. Bxd5 Qxd5 7. Nc3 Qd8
8. d3 Be7 9. Be3 Bg4 10. h3 Bh5 11. g4 Bg6 12. O-O h5 13. g5 Qd7 14. d4 Bf5 15.
Nxe5 Nxe5 16. dxe5 Qc6 17. Qd5 Bxh3 18. Rfe1 Bd7 19. Bf4 Qb6 20. Ne4 Bc6 21.
Qd3 Qxb2 22. Nf6+ Kf8 23. Nd7+ Kg8 24. Qf5 Bd5 25. g6 Be6 26. gxf7+ Bxf7 27. e6
Be8 28. Be5 Qa3 29. Re3 Qa4 30. Rg3 Rh7 31. Nf6+ Bxf6 32. Bxf6 Qb5 33. Qf4 Qc5
34. Kh2 Qd6 35. Qf5 h4 36. Be5 hxg3+ 37. Kxg3 Qa3+ 38. f3 Qa4 39. e7 Qh4+ 40.
Kg2 Qxe7 41. f4 Bc6+ 42. Kf2 Rh2+ 43. Ke3 Qc5+ 44. Kd3 0-1

[Event "Solrød Skole"]
[Site "Køge Bugt Vinter 2011"]
[Date "2011.02.16"]
[Round "4.12"]
[White "Grum-Schwensen, Jens"]
[Black "Hansen, Erik Friberg"]
[Result "1-0"]
[WhiteElo "1248"]
[BlackElo "1574"]
[PlyCount "107"]
[EventDate "2011.??.??"]
[WhiteTeam "Brøndbyernes Skakklub"]
[BlackTeam "Ishøj Skakklub"]

1. d4 Nf6 2. c4 g6 3. Nc3 Bg7 4. Nf3 O-O 5. e4 d6 6. Be3 Nbd7 7. Be2 Re8 8. Qc2
b6 9. O-O Bb7 10. Rad1 Qc8 11. d5 Nf8 12. Nd4 e5 13. Nf3 Qd8 14. h3 N8d7 15. b4
a6 16. Nh2 Rf8 17. Rd3 a5 18. a3 axb4 19. axb4 Ba6 20. Rdd1 Bb7 21. Ra1 Qe7 22.
Nb5 Rxa1 23. Rxa1 Rc8 24. Ra7 c6 25. Nc3 Nf8 26. Bxb6 Ra8 27. Qa4 Rxa7 28. Qxa7
Qd7 29. c5 cxd5 30. cxd6 Nxe4 31. Nxe4 dxe4 32. Bc7 Qc6 33. Qc5 Nd7 34. Qxc6
Bxc6 35. b5 Bb7 36. Ng4 f5 37. Ne3 Kf7 38. Bc4+ Ke8 39. b6 h5 40. Bd5 Nc5 41.
Bxb7 Nxb7 42. Kf1 Kd7 43. Ke2 Kc6 44. Kd2 Bf8 45. Nc4 Bxd6 46. Bxd6 Nxd6 47.
Nxe5+ Kxb6 48. Nxg6 Kc5 49. Ke3 Kc4 50. Nf4 Nf7 51. Nxh5 Kd5 52. Kf4 Ke6 53.
Ng7+ Kd5 54. Nxf5 1-0

[Event "Solrød Skole"]
[Site "Køge Bugt Vinter 2011"]
[Date "2011.03.02"]
[Round "5.1"]
[White "Nielsen, Jan Mose"]
[Black "Krogh, Peter Ove"]
[Result "1-0"]
[WhiteElo "2118"]
[BlackElo "1911"]
[PlyCount "107"]
[EventDate "2011.??.??"]
[WhiteTeam "Tåstrup Skakforening"]
[BlackTeam "Køge Skakklub"]

1. d4 Nf6 2. c4 e6 3. Nc3 Bb4 4. Nf3 b6 5. Qb3 a5 6. Bg5 Bb7 7. e3 h6 8. Bh4 d6
9. Rd1 g5 10. Bg3 Qe7 11. a3 a4 12. Qxb4 Nc6 13. Qxa4 Rxa4 14. Nxa4 O-O 15. Nd2
Qe8 16. Nc3 e5 17. d5 Ne7 18. Be2 Nf5 19. O-O Bc8 20. Rde1 Kg7 21. Bd1 h5 22.
f4 gxf4 23. exf4 Nxg3 24. hxg3 Bg4 25. Bc2 Nd7 26. Nf3 Bxf3 27. Rxf3 f5 28. Ba4
e4 29. Rfe3 Qf7 30. Bxd7 Qxd7 31. Nb5 Kf6 32. Kf2 Rh8 33. Rh1 c6 34. Nc3 Kg6
35. g4 cxd5 36. Nxd5 fxg4 37. Rxe4 Rh7 38. Rhe1 Rf7 39. Kg3 Qa4 40. Kh4 Qc2 41.
R1e2 Qb1 42. Re6+ Kg7 43. Kxh5 Qd3 44. R2e4 Qg3 45. Rg6+ Kf8 46. Nf6 Qh2+ 47.
Kg5 Rg7 48. Rxg7 Kxg7 49. Re7+ Kf8 50. Rd7 Qxg2 51. Kg6 Qc2+ 52. f5 Qxc4 53.
Rd8+ Ke7 54. Re8# 1-0

[Event "Solrød Skole"]
[Site "Køge Bugt Vinter 2011"]
[Date "2011.03.02"]
[Round "5.2"]
[White "Hald, Morten Hansen"]
[Black "Borup, Johnny"]
[Result "1-0"]
[WhiteElo "1450"]
[BlackElo "1627"]
[PlyCount "59"]
[EventDate "2011.??.??"]
[WhiteTeam "Køge Skakklub"]
[BlackTeam "Brøndbyernes Skakklub"]

1. Nc3 c5 2. e4 Nc6 3. Nf3 d6 4. Bb5 Bd7 5. d4 cxd4 6. Nxd4 g6 7. Be3 Bg7 8.
Nxc6 bxc6 9. Bc4 Nf6 10. Qd2 O-O 11. Bh6 Rb8 12. Bxg7 Kxg7 13. O-O Qa5 14. Bb3
Rfc8 15. Rad1 Qb6 16. Kh1 h5 17. Qg5 Re8 18. e5 Ng4 19. Ne4 Bf5 20. f3 Ne3 21.
Ng3 d5 22. Nxf5+ Nxf5 23. Rfe1 f6 24. Qf4 e6 25. g4 hxg4 26. fxg4 g5 27. exf6+
Kg6 28. gxf5+ exf5 29. Rg1 g4 30. Rdf1 1-0

[Event "Solrød Skole"]
[Site "Køge Bugt Vinter 2011"]
[Date "2011.03.02"]
[Round "5.3"]
[White "Vesterskov, Michael"]
[Black "Christensen, Verner"]
[Result "0-1"]
[WhiteElo "1749"]
[BlackElo "1965"]
[PlyCount "68"]
[EventDate "2011.??.??"]
[WhiteTeam "Køge Skakklub"]
[BlackTeam "Solrød Skakklub"]

1. e4 e5 2. Nf3 Nc6 3. Bc4 Nf6 4. Nc3 Nxe4 5. Nxe4 d5 6. Bxd5 Qxd5 7. Nc3 Qd6
8. h3 Bf5 9. d3 O-O-O 10. Qe2 Be7 11. O-O h6 12. Re1 Bf6 13. Ne4 Qe7 14. Be3 g5
15. Bc5 Qe6 16. Nxf6 Qxf6 17. g4 Bh7 18. b3 Rhe8 19. a4 e4 20. Nd2 exd3 21.
Qxe8 Rxe8 22. Rxe8+ Kd7 23. Rae1 dxc2 24. R8e3 Qb2 25. Nc4 c1=Q 26. Nxb2 Qxc5
27. Rd1+ Nd4 28. Nc4 b6 29. Ne5+ Kc8 30. Nxf7 Qd5 31. Re8+ Kb7 32. Nd8+ Ka6 33.
Rxd4 Qxd4 34. Nc6 Qd1+ 0-1

[Event "Solrød Skole"]
[Site "Køge Bugt Vinter 2011"]
[Date "2011.03.02"]
[Round "5.4"]
[White "Pondal, Jesper"]
[Black "Kristensen, Benny"]
[Result "1/2-1/2"]
[WhiteElo "1822"]
[BlackElo "1633"]
[PlyCount "64"]
[EventDate "2011.??.??"]
[WhiteTeam "Køge Skakklub"]
[BlackTeam "Skovbo Skakklub"]

1. d4 e6 2. Nf3 f5 3. g3 Nf6 4. Bg2 d5 5. c4 c6 6. b3 Bd6 7. O-O O-O 8. Ba3
Bxa3 9. Nxa3 Bd7 10. Ne5 Be8 11. Qd3 Nbd7 12. cxd5 cxd5 13. f3 a6 14. Rfc1 Qb6
15. Kh1 Qd6 16. Nxd7 Bxd7 17. Nc2 Rac8 18. Qd2 Rc7 19. Nb4 Rfc8 20. Nd3 Rxc1+
21. Rxc1 Rxc1+ 22. Qxc1 Bc6 23. Qc5 Qxc5 24. Nxc5 Kf7 25. e3 Ke7 26. Bf1 Nd7
27. Kg2 Nxc5 28. dxc5 e5 29. Bd3 e4 30. fxe4 fxe4 31. Be2 Kf6 32. Kf2 Ke5
1/2-1/2

[Event "Solrød Skole"]
[Site "Køge Bugt Vinter 2011"]
[Date "2011.03.02"]
[Round "5.5"]
[White "Hansen, Erik Levin"]
[Black "Ambirk, Jan Robert"]
[Result "1/2-1/2"]
[WhiteElo "1812"]
[BlackElo "1825"]
[PlyCount "63"]
[EventDate "2011.??.??"]
[WhiteTeam "Haslev Skakklub"]
[BlackTeam "Vordingborg Skakklub"]

1. c4 f5 2. Nf3 Nf6 3. Nc3 e6 4. g3 d5 5. d4 c6 6. b3 Bd6 7. Bg2 O-O 8. O-O Qe7
9. Bb2 Nbd7 10. Qc2 b6 11. Nd2 Bb7 12. f3 e5 13. e3 exd4 14. exd4 f4 15. Rae1
Qf7 16. g4 Rae8 17. cxd5 Nxd5 18. Nde4 Qg6 19. Qc1 Ne3 20. Nxd6 Qxd6 21. Ne4
Qg6 22. Rf2 h5 23. h3 hxg4 24. hxg4 Nf6 25. Nxf6+ Rxf6 26. d5 Rd6 27. dxc6 Bxc6
28. Rfe2 Red8 29. Be5 Nxg2 30. Rxg2 Bxf3 31. Bxd6 Bxg2 32. Qxf4 1/2-1/2

[Event "Solrød Skole"]
[Site "Køge Bugt Vinter 2011"]
[Date "2011.03.02"]
[Round "5.6"]
[White "Kirkebække, Mark"]
[Black "Refsgaard, Kaj"]
[Result "0-1"]
[WhiteElo "1489"]
[BlackElo "1749"]
[PlyCount "57"]
[EventDate "2011.??.??"]
[WhiteTeam "Tåstrup Skakforening"]
[BlackTeam "Jernbanens Skakklub"]

1. e4 c5 2. Nf3 Nc6 3. d4 cxd4 4. Nxd4 Nxd4 5. Qxd4 d6 6. Bc4 Bd7 7. Qd5 e6 8.
Qxb7 Nf6 9. Bb5 Be7 10. Bxd7+ Nxd7 11. Nc3 O-O 12. O-O Bf6 13. Qa6 Nc5 14. Qe2
Qd7 15. Bd2 Qc6 16. f3 Rab8 17. Rab1 Na4 18. Qd3 Nxb2 19. Rxb2 Rxb2 20. a4 a6
21. Be1 Rc8 22. Ne2 Qxc2 23. Qxa6 Bd4+ 24. Rf2 Qc5 25. Kf1 Rcb8 26. a5 Rb1 27.
Nf4 Be3 28. Nd3 Qd4 29. Qc4 0-1

[Event "Solrød Skole"]
[Site "Køge Bugt Vinter 2011"]
[Date "2011.03.02"]
[Round "5.7"]
[White "Krag-Jacobsen, Alan"]
[Black "Sørensen, Aron Frank"]
[Result "1/2-1/2"]
[WhiteElo "1786"]
[BlackElo "1494"]
[PlyCount "40"]
[EventDate "2011.??.??"]
[WhiteTeam "Solrød Skakklub"]
[BlackTeam "Solrød Skakklub"]

1. e4 c6 2. d4 d5 3. exd5 cxd5 4. c4 Nf6 5. Nc3 g6 6. h3 Bg7 7. Nf3 O-O 8. c5
Nc6 9. Be2 Qc7 10. O-O a6 11. Be3 Rd8 12. Qd2 Ne4 13. Qc1 Nxc3 14. Qxc3 e5 15.
Rfd1 exd4 16. Nxd4 Bf5 17. Qd2 Qe5 18. Nxc6 bxc6 19. Bd4 Qe7 20. Bxg7 Kxg7
1/2-1/2